Gaming Quiz

Random Gaming or Board Games Quiz

Chess Pieces Quiz Stats

 Plays Quiz Updated Feb 5, 2014

     
Support Sporcle.
Go Orange.
Score 0/6 Timer 01:00
12 Plays Today
# of Pieces Piece % Correct
OneKing
99.6%
OneQueen
99.4%
EightPawns
96.2%
TwoKnights
95.6%
TwoRooks
93.2%
TwoBishops
90.7%

From the Vault

Film or Stage Actor?

by Purple_Parrot

We wonder if people say 'break a leg' because every stage and film production has a cast?
Remove Ads.
Support Sporcle.
Get the best of Sporcle when you Go Orange. This ad-free experience offers more features, more stats, and more fun while also helping to support Sporcle. Thank you for becoming a member.

Show Comments

Extras

Top Quizzes Today


Score Distribution

Your Account Isn't Verified!

In order to create a playlist on Sporcle, you need to verify the email address you used during registration. Go to your Sporcle Settings to finish the process.

Report this User

Report this user for behavior that violates our Community Guidelines.

Details: